Competition report on supermarkets (Record no. 64941)

MARC details
000 -LEADER
fixed length control field 00859cam a2200217 4500
001 - CONTROL NUMBER
control field WB364008
008 - FIXED-LENGTH DATA ELEMENTS--GENERAL INFORMATION
fixed length control field 000000n2000 000 0 eng u
035 ## - SYSTEM CONTROL NUMBER
System control number (Sirsi) u108775
245 ## - TITLE STATEMENT
Title Competition report on supermarkets
260 ## - PUBLICATION, DISTRIBUTION, ETC.
Date of publication, distribution, etc. 2000
490 ## - SERIES STATEMENT
Series statement DTI News Release
Volume/sequential designation (P/2000/674) 10 October 2000 (2)
520 ## - SUMMARY, ETC.
Summary, etc. The Competition Commission report "Supermarkets: a report on the supply of groceries from multiple stores in the UK" (TSO £80) makes a number of recommendations and concludes that it is satisfied that the industry is currently broadly competitive and that overall excessive prices are not being charged nor excessive profits earned.
590 ## - LOCAL NOTE (RLIN)
Local note WB
650 ## - SUBJECT ADDED ENTRY--TOPICAL TERM
Topical term or geographic name entry element MULTIPLE STORES
650 ## - SUBJECT ADDED ENTRY--TOPICAL TERM
Topical term or geographic name entry element SUPERMARKETS
650 ## - SUBJECT ADDED ENTRY--TOPICAL TERM
Topical term or geographic name entry element COMPETITION
650 ## - SUBJECT ADDED ENTRY--TOPICAL TERM
Topical term or geographic name entry element PROFITS
650 ## - SUBJECT ADDED ENTRY--TOPICAL TERM
Topical term or geographic name entry element SUPPLIERS
690 ## - LOCAL SUBJECT ADDED ENTRY--TOPICAL TERM (OCLC, RLIN)
Topical term or geographic name as entry element ECONOMIC ISSUES
942 ## - ADDED ENTRY ELEMENTS (KOHA)
Suppress in OPAC 0
Holdings
Withdrawn status Lost status Source of classification or shelving scheme Damaged status Not for loan Home library Current library Shelving location Date acquired Total Checkouts Full call number Barcode Date last seen Copy number Price effective from Koha item type
    Dewey Decimal Classification     London London News article 12/10/2000   WB364008 108775-1001 06/08/2019 1 06/08/2019 News article